Word Ladder: Wish for Cratchit Quiz Stats

Quiz Updated Dec 9, 2017

Challenge
Share
Tweet
Embed
Score 0/27 Timer 05:00
0 Plays Today
Hint 5-Letter Word % Correct
Pirates make you walk thisPLANK
98.3%
Object you eat off ofPLATE
97.9%
April 1 activityPRANK
97.9%
Turning deviceCRANK
95.9%
Sound of Jacob Marley's chainsCLANK
95.7%
Lewis' exploration partnerCLARK
95%
Astral or Cartesian, e.g.PLANE
94.8%
Quickly open and shut eyesBLINK
94.6%
CourageousBRAVE
94.1%
'The _____ Is Right.'PRICE
93.7%
Emit light, like the sunSHINE
92.2%
Cratchit's job for Ebenezer ScroogeCLERK
91.2%
TombGRAVE
89.1%
Move in a quiet, furtive mannerSLINK
85.5%
Hint 5-Letter Word % Correct
'Goosebumps' author R.L.STINE
84.1%
Rim, edgeBRINK
81.5%
Home to Frodo, with 'The'SHIRE
80.8%
Babble, to speak pointlesslyPRATE
80.5%
Unpleasant rasping, or, a fireplaceGRATE
80.3%
A huge fuss or public outcrySTINK
78.9%
Point up from a churchSPIRE
73.9%
Pair, or supporting structureBRACE
70.3%
John _____ who sings 'Sam Stone'PRINE
63%
In a momentTRICE
62.3%
Small amount; vestigeTRACE
61.9%
Primp and get ready in a mirrorPRINK
59.8%
Cratchit's need when facing EbenezerSPINE
50.7%

Today's Daily Dose

Missing Word
Fruity Song Titles

Quick Pick
Double Blanks

On This Day
June 22nd II

You're not logged in!

Compare scores with friends on all Sporcle quizzes.
Join for Free
OR
Log In

You Might Also Like...

Show Comments

Extras

Top Quizzes Today


Score Distribution

Your Account Isn't Verified!

In order to create a playlist on Sporcle, you need to verify the email address you used during registration. Go to your Sporcle Settings to finish the process.

Report this User

Report this user for behavior that violates our Community Guidelines.

Details: